Statistics for Italy EUROs Starting XIs

Click here to take the quiz!

General Stats

  • This quiz has been taken 175 times
  • The average score is 59 of 110

Answer Stats

HintAnswer% Correct
2012GKGianluigi Buffon
100%
2004GKGianluigi Buffon
100%
2008GKGianluigi Buffon
100%
2016GKGianluigi Buffon
100%
2020CBGiorgio Chiellini
100%
2008CBGiorgio Chiellini
100%
2012LBGiorgio Chiellini
100%
2016CBGiorgio Chiellini
100%
2020CBLeonardo Bonucci
99%
2012CBLeonardo Bonucci
99%
2016CBLeonardo Bonucci
99%
2020GKGianluigi Donnarumma
97%
2020STCiro Immobile
95%
2012CMAndrea Pirlo
91%
2008CMAndrea Pirlo
91%
2004CMAndrea Pirlo
91%
2012STMario Balotelli
91%
2020RWFederico Chiesa
90%
1988LBPaolo Maldini
89%
2000LMPaolo Maldini
89%
1996LBPaolo Maldini
89%
2012CBAndrea Barzagli
88%
2016CBAndrea Barzagli
88%
2020LWLorenzo Insigne
88%
2016CMDaniele De Rossi
86%
2008CMDaniele De Rossi
86%
2012CMDaniele De Rossi
86%
2000STFrancesco Totti
86%
2020CMMarco Verratti
84%
2000CBAlessandro Nesta
83%
2004CBAlessandro Nesta
83%
2000CBFabio Cannavaro
82%
2004CBFabio Cannavaro
82%
2020CMNicolo Barella
81%
2004STAlessandro Del Piero
80%
2020CMJorginho
78%
2020LBLeonardo Spinazzola
76%
1988CBFranco Baresi
74%
2020RBGiovanni Di Lorenzo
74%
2012CMClaudio Marchisio
73%
1980GKDino Zoff
73%
1968GKDino Zoff
73%
2008RBGianluca Zambrotta
73%
2004LBGianluca Zambrotta
73%
2000RMGianluca Zambrotta
73%
2008STLuca Toni
71%
2016STGraziano Pelle
68%
2000STFilippo Inzaghi
67%
2004STChristian Vieri
65%
2008LBFabio Grosso
63%
2004AMAntonio Cassano
56%
2008STAntonio Cassano
56%
2012STAntonio Cassano
56%
2012RBIgnazio Abate
55%
2012AMRiccardo Montolivo
55%
2016STÉder
53%
1996CBAlessandro Costacurta
50%
2000GKFrancesco Toldo
50%
2016RMAlessandro Florenzi
45%
2016CMEmanuele Giaccherini
44%
1996STGianfranco Zola
43%
2004CMSimone Perrotta
43%
2008AMSimone Perrotta
43%
1988STGianluca Vialli
41%
2008CMMassimo Ambrosini
40%
1988STRoberto Mancini
40%
2016LMMattia De Sciglio
38%
1988RMRoberto Donadoni
38%
1996LMRoberto Donadoni
38%
1996GKAngelo Peruzzi
37%
1988CMCarlo Ancelotti
37%
1996CMDemetrio Albertini
36%
2000CMDemetrio Albertini
36%
2008CBChristian Panucci
34%
2004RBChristian Panucci
34%
1988RBGiuseppe Bergomi
34%
1980CBGaetano Scirea
33%
2000CMLuigi Di Biagio
33%
1988GKWalter Zenga
33%
1980CMMarco Tardelli
32%
1980CBClaudio Gentile
26%
2016CMMarco Parolo
26%
2000CBMark Iuliano
24%
1980STFrancesco Graziani
22%
1988CMFernando De Napoli
21%
1996CMRoberto Di Matteo
20%
2004CMStefano Fiore
20%
2000AMStefano Fiore
20%
1980AMGabriele Oriali
19%
1980LMGiancarlo Antognoni
19%
1980CBFulvio Collovati
18%
1968LBGiacinto Facchetti
18%
1988LMGiuseppe Giannini
18%
1996STPierluigi Casiraghi
16%
1988CBRiccardo Ferri
16%
1996CBLuigi Apollini
12%
1980STRoberto Bettega
12%
1996RMDiego Fuser
11%
1980RMFranco Causio
9%
1996RBRoberto Mussi
9%
1980CMRomeo Benetti
9%
1968STPietro Anastasi
5%
1968RBTarcisio Burgnich
5%
1968RWAngelo Domenghini
4%
1968CBAristide Guarneri
3%
1968LWPierino Prati
3%
1968CMAntonio Juliano
2%
1968CBErnesto Castano
2%
1968CMGiorgio Ferrini
2%
1968CMGiovanni Lodetti
2%

Score Distribution

Percentile by Number Answered

Percent of People with Each Score

Your Score History

You have not taken this quiz